01483nam a2200289uu 4500001000800000005001700008007001000025008004100035035001200076040001300088041000800101080000800109082000800117100003100125245015100156260004900307300002700356520059800383650002500981650001801006650001601024700003901040700004601079700004801125502001201173526000801185141406220260508085904.0co|||||||150702s2015 spa  a1414062 ccomduadb aspa aELI 4a33810aRhenals, Johanna4auteaut10aSales and Operations Planning (S&OP) como propuesta de estrategia para el aprovisionamiento en una empresa de análisis geoquímico de minerales aEl Carmen de Viboral :bAutores (as),c2015. a28 páginas, 1 CD-ROM3 aEn este trabajo se aplica la metodología S&OP para sincronizar la estrategia corporativa de una compañía de análisis geoquímico de minerales en Colombia, alineando en un solo propósito, las metas locales de las áreas de ventas y producción para así optimizar los recursos financieros de la compañía, con el fin de permitirle aprovechar los beneficios tributarios y aduaneros que posibilitan la prestación de sus servicios a un menor costo, con tiempos de entrega bajos y calidad superior en el análisis, logrando aumentar su participación en el mercado colombiano.  aExploración minera aPronósticos aInventarios10aSantamaría, Jhon Fredy4auteaut10aÁlvarez Uribe, Karla Cristina4thseths10aBetancur Gaviria, Carlos Andrés4auteaut b193c17 a195